Modern Home Medical Adviser (Record no. 883)

000 -LEADER
fixed length control field 00615nam a22002057a 4500
003 - CONTROL NUMBER IDENTIFIER
control field OSt
005 - DATE AND TIME OF LATEST TRANSACTION
control field 20210426100256.0
008 - FIXED-LENGTH DATA ELEMENTS--GENERAL INFORMATION
fixed length control field 201229s1950 ||||| |||| 00| 0 eng d
040 ## - CATALOGING SOURCE
Original cataloging agency eng
Language of cataloging eng
Transcribing agency DLC
041 ## - LANGUAGE CODE
Language code of text/sound track or separate title eng
080 ## - UNIVERSAL DECIMAL CLASSIFICATION NUMBER
Universal Decimal Classification number 61
Item number F-58
100 ## - MAIN ENTRY--PERSONAL NAME
9 (RLIN) 649
Personal name Fishbein, Morris
Relator term Editor
245 ## - TITLE STATEMENT
Title Modern Home Medical Adviser
Remainder of title : Your Health and How to Preserve It
Statement of responsibility, etc. / by: Doubleday and Company Inc
250 ## - EDITION STATEMENT
Edition statement Completely Revised and Re-Edited
260 ## - PUBLICATION, DISTRIBUTION, ETC.
Place of publication, distribution, etc. New York
Name of publisher, distributor, etc. Doubleday and Company Inc
Date of publication, distribution, etc. 1950
300 ## - PHYSICAL DESCRIPTION
Extent 907 p.
Other physical details ill.
650 #0 - SUBJECT ADDED ENTRY--TOPICAL TERM
9 (RLIN) 69
Topical term or geographic name entry element Medicine
653 ## - INDEX TERM--UNCONTROLLED
Uncontrolled term მედიცინა
942 ## - ADDED ENTRY ELEMENTS (KOHA)
Source of classification or shelving scheme
Koha item type Books
Holdings
Withdrawn status Lost status Source of classification or shelving scheme Damaged status Not for loan Permanent location Current location Date acquired Inventory number Total Checkouts Full call number Barcode Date last seen Price effective from Koha item type
          Ken Walker International University Ken Walker International University 12/29/2020 2350   61 F-58 2350 12/29/2020 12/29/2020 Books

Powered by Koha